000 00397nam a2200157Ia 4500
008 170203s9999 xx 000 0 und d
020 _a9812333029
050 _a372.35
050 _bH176s
245 4 _aThe human body :
245 _band lots more! /
260 _aSingapore :
260 _bEarly Childhood Publications (International) Pte. Ltd.
300 _a24 pages :
300 _c28 cm.
999 _c306557
_d306557